00270nam a2200097Ia 4500001000800000005001700008008004100025020001800066245006800084260002000152129562220260417170234.0260417s9999 xx 000 0 und d a9789752123656 2aA Takımı - Kayıp Çocuğun PeşindecGülten Dayıoğlu bAltın Kitaplar